Statistisk Arbog for Kobenhavn og Frederiksberg Samt Hovedstadsregionen 1984
Gespeichert in:
| Format: | Buch |
|---|---|
| Sprache: | Dänisch |
| Veröffentlicht: |
Kobenhavn
Statistiske Kontor
1984
|
| Tags: |
Keine Tags, Fügen Sie das erste Tag hinzu!
|
MARC
| LEADER | 00000nam a2200000 4500 | ||
|---|---|---|---|
| 001 | c114859 | ||
| 005 | 20250702113233.4 | ||
| 041 | 0 | |a dan | |
| 044 | |a DK | ||
| 245 | 1 | 0 | |a Statistisk Arbog for Kobenhavn og Frederiksberg Samt Hovedstadsregionen 1984 |
| 264 | 1 | |a Kobenhavn |b Statistiske Kontor |c 1984 | |
| 300 | |a 419 s. |e 1 mp. príl. | ||